ห้องสมุด วิทยาลัยพยาบาลบรมราชชนนี อุดรธานี
Boromarajonani College of Nursing, Udonthani
เปลี่ยนเป็นภาษาไทย

Change to English
 แสดงรายละเอียดบรรณานุกรม
  กลับหน้าหลัก

Brief Record : Get Marc (ISO 2709) : E-mail record : QR code ปิดหน้าต่าง
หนังสืออ้างอิง : เกี่ยวกับ Collections
mysqli: Table './ulib2015/stat_globaluid' is marked as crashed and last (automatic?) repair failed
select id from stat_globaluid where statuid='20260418040706_81' 
mysqli: Table './ulib2015/stat_globaluid' is marked as crashed and last (automatic?) repair failed
DELETE FROM stat_globaluid
			WHERE id NOT IN (
			  SELECT id
			  FROM (
				SELECT id
				FROM stat_globaluid
				ORDER BY id DESC
				LIMIT 100
			  ) foo
			); 
mysqli: Table './ulib2015/stat_globaluid' is marked as crashed and last (automatic?) repair failed
insert into stat_globaluid set
		statuid='20260418040706_81',
		dt='1776460026',
		phpself='/ULIB/dublinfull.php',
		agent='Mozilla/5.0 AppleWebKit/537.36 (KHTML, like Gecko; compatible; ClaudeBot/1.0; +claudebot@anthropic.com)',
		yea='2026',
		mon='4',
		dat='18',
		ip='216.73.216.198'
		
		
LEADER 00674nam 2200229 a 4500
001    12889
003     ULIBM
008    201011s2548 th m a001 0 tha d
020    ^a974-619-143-8
050  4 ^aAG^bค129ส 2548
245 ^a ^a1111
250    ^aพิมพ์ครั้งที่ 1.
300    ^a 200 หน้า.
650  7 ^aการอนุรักษ์ทรัพยากรธรรมชาติ
700 0  ^aสิริกิติ์ พระบรมราชินีนาถ, สมเด็จพระนางเจ้า
710 1  ^aหนังสือเฉลิมพระเกียรติ
945    ^p0^l0^i21026
999     ^aลิขิตลักษณ์
รายการนี้ยังไม่มีแท็ก
คุณยังไม่ได้ล็อกอิน คุณสามารถมีกิจกรรมร่วมกับเว็บไซต์ได้ แต่ต้องล็อกอินก่อน ::
  ล็อกอิน
ลำดับที่ ประเภท เลขเรียก/บาร์โค้ด สถานที่ สถานะ
1. หนังสือภาษาไทย
หนังสือภาษาไทย
AG ค129ส 2548  
  Barcode: 21026
หนังสือทั่วไป On Shelf
   [แสดง 1/1 รายการ]

mysqli: Can't create/write to file '/var/tmp/#sql_59d_0.MAI' (Errcode: 2)
select * from index_db where titl like '%สมเด็จพระบรมราชินีนาถกับการอนุรักษ์ทรัพยากรธรรมชาติ/ คณิตา  เลขะกุล, คุณหญิง%' and mid<>'12889'  order by rand() limit 3
mysqli: Can't create/write to file '/var/tmp/#sql_59d_0.MAI' (Errcode: 2)
select * from index_db where subj like '%การอนุรักษ์ทรัพยากรธรรมชาติ%' and mid<>'12889'  order by rand() limit 3

BibComment


ยังไม่เคยถูกคอมเมนท์

คอมเมนท์ทรัพยากรรายการนี้
  คอมเมนท์: สมเด็จพระบรมราชิ..
Bib 12889

 
 
 

 Union Library Management : ULibM
Copyright 2026. All Rights Reserved.